000 00947cab a2200301 4500
001 ABS54619
008 090401t1996 xxu||||| |||| 00| 0 eng d
035 _a(Sirsi) u11376
041 _aeng
100 _aElson, M.
245 _aPlanning good things for the countryside?
260 _c1996
350 _a0
490 _aTown & Country Planning
_v65(1) January 1996, 14-16(3)
520 _aAssesses the likely implications of the Rural White Paper on the land use planning system, suggesting that it has at least been useful in `focussing interest on rural problems`. (See also ABS53860)
650 _aCOUNTRYSIDE
650 _aPPG7
650 _aRURAL AREAS
650 _aRURAL DEVELOPMENT
650 _aRURAL HOUSING
650 _aRURAL PLANNING
650 _aRURAL SMALL BUSINESS USE CLASS
650 _aRURAL WHITE PAPER
650 _aSMALL BUSINESSES
690 _aRURAL PRACTICE
942 _n0
948 _c04/03/1997
999 _c7247
_d7247